| 000 | 01601nam a2200469 c 4500 | ||
|---|---|---|---|
| 001 | 11078 | ||
| 003 | ES-MaCES | ||
| 005 | 20190103040051.0 | ||
| 008 | 000919s2000 sp l 000 | spa d | ||
| 017 |
_aV 1392-2000 _bDL |
||
| 020 | _a8484420841 | ||
| 035 | _aCES20000012070m | ||
| 040 |
_aES-MaCES _bspa _cES-MaCES |
||
| 245 | 0 | 0 |
_aSeguridad Social práctica _cautores, Jordi Agustí Vila ... [et al.] ; directores, José Francisco Blasco Lahoz, Juan López Gandía |
| 250 | _a[ed. actualizable] | ||
| 260 |
_aValencia _bTirant lo Blanch _c2000 |
||
| 300 |
_a1709 p. _c24 cm |
||
| 490 | 1 | _aLaboral | |
| 500 | _aíndices | ||
| 500 | _aLegislación aplicable: p. 1439-1709 | ||
| 541 | _cCompra | ||
| 650 | 4 |
_aseguridad social _927034 |
|
| 650 | 4 |
_arégimen universal de prestaciones _930153 |
|
| 650 | 4 |
_aregímenes especiales de Seguridad Social _931067 |
|
| 650 | 4 |
_aprestaciones no contributivas _930900 |
|
| 650 | 4 |
_aEspaña _926964 |
|
| 650 | 4 |
_alegislación de seguridad social _929855 |
|
| 650 | 4 |
_atexto _929624 |
|
| 650 | 4 |
_acomentario _928971 |
|
| 650 | 4 |
_aderecho jurisprudencial _929863 |
|
| 650 | 4 |
_aderecho comunitario _929866 |
|
| 650 | 4 |
_arégimen jurídico _929894 |
|
| 653 | 1 | 0 | _aDerecho del trabajo y Seguridad Social |
| 650 | 4 |
_926752 _aUE |
|
| 700 | 1 |
_aAgustí Vila, Jordi _95714 |
|
| 700 | 1 |
_aBlasco Lahoz, José Francisco _edir. _97894 |
|
| 700 | 1 |
_aLópez Gandía, Juan _edir. _916894 |
|
| 830 | 0 |
_aLaboral (Tirant lo Blanch (Firma)) _932672 |
|
| 902 | _aLIB Libro | ||
| 942 |
_2CES _cBK _h6.0.1. |
||
| 999 |
_c11078 _d11078 |
||